| 000 | 00000nam##2200000za#4500 |
| 001 | 9.686740 |
| 003 | CaOODSP |
| 005 | 20210624230654 |
| 007 | cr ||||||||||| |
| 008 | 150407|2002||||xxc|||||o f|0| 0 eng|d |
| 040 | |aCaOODSP|beng |
| 043 | |an-cn--- |
| 086 | 1 |aMP43-195/2002E-PDF |
| 110 | 1 |aCanada. |bHuman Resources Development Canada. |
| 245 | 10|aLooking for a job - knowledge matters : |h[electronic resource]|bskills and learning for Canadians - Canada's Innovation Strategy |
| 260 | |aOttawa - Ontario : |bHuman Resources Development Canada |c2002. |
| 300 | |a[46]p. (un-numbered). |
| 520 | 3 |aWhether you are a first-time job seeker, a student looking for employment, or someone looking to change jobs, Looking for a Job can help you with your job search or planning your career path. |
| 590 | |a03-44|b2003-10-31 |
| 690 | 07|aEmployment|2gcpds |
| 690 | 07|aInnovation|2gcpds |
| 690 | 07|aLearning|2gcpds |
| 775 | 08|tLe savoir, clé de notre avenir : |w(CaOODSP)9.631203 |
| 776 | 0#|tLooking for a job? |w(CaOODSP)9.648605 |
| 776 | 0#|tLooking for a job? |w(CaOODSP)9.649014 |
| 776 | 0#|tLooking for a job? |w(CaOODSP)9.649015 |
| 776 | 0#|tLooking for a job? |w(CaOODSP)9.649076 |
| 776 | 0#|tLooking for a job? |w(CaOODSP)9.649079 |
| 856 | 40|ahttp://publications.gc.ca|qPDF|s163 KB|uhttps://publications.gc.ca/collections/Collection/MP43-195-2002E.pdf |